"Smart Grid" Concept As A Modern Technology For The Power Industry Development; Journal of Physics: Conference Series; Vol. 803 : Information Technologies in Business and Industry (ITBI2016)
| Parent link: | Journal of Physics: Conference Series Vol. 803 : Information Technologies in Business and Industry (ITBI2016).— 2017.— [012173, 4 p.] |
|---|---|
| Glavni avtor: | |
| Corporate Authors: | , |
| Drugi avtorji: | , |
| Izvleček: | Title screen The article discusses the main problems of the power industry and energy supply to the distribution networks. One of the suggested solutions for these problems is the use of intelligent energy networks on the basis of digital reality simulation, in particular, the concept of "SMART GRID". The article presents the basic points of the concept and the peculiarities of its application at the enterprises. It was demonstrated that the use of this technology eliminates power shortage, reduces the energy intensity and improves the energy efficiency throughout the operation of an enterprise as a whole. |
| Jezik: | angleščina |
| Izdano: |
2017
|
| Teme: | |
| Online dostop: | http://dx.doi.org/10.1088/1742-6596/803/1/012173 http://earchive.tpu.ru/handle/11683/38208 |
| Format: | Elektronski Book Chapter |
| KOHA link: | https://koha.lib.tpu.ru/cgi-bin/koha/opac-detail.pl?biblionumber=654463 |
MARC
| LEADER | 00000nla2a2200000 4500 | ||
|---|---|---|---|
| 001 | 654463 | ||
| 005 | 20231228152255.0 | ||
| 035 | |a (RuTPU)RU\TPU\network\20058 | ||
| 035 | |a RU\TPU\network\20053 | ||
| 090 | |a 654463 | ||
| 100 | |a 20170427a2017 k y0engy50 ba | ||
| 101 | 0 | |a eng | |
| 105 | |a y z 100zy | ||
| 135 | |a drcn ---uucaa | ||
| 181 | 0 | |a i | |
| 182 | 0 | |a b | |
| 200 | 1 | |a "Smart Grid" Concept As A Modern Technology For The Power Industry Development |f I. G. Vidyaev, A. S. Ivashutenko, M. A Samburskaya | |
| 203 | |a Text |c electronic | ||
| 300 | |a Title screen | ||
| 320 | |a [References: 7 tit.] | ||
| 330 | |a The article discusses the main problems of the power industry and energy supply to the distribution networks. One of the suggested solutions for these problems is the use of intelligent energy networks on the basis of digital reality simulation, in particular, the concept of "SMART GRID". The article presents the basic points of the concept and the peculiarities of its application at the enterprises. It was demonstrated that the use of this technology eliminates power shortage, reduces the energy intensity and improves the energy efficiency throughout the operation of an enterprise as a whole. | ||
| 461 | 0 | |0 (RuTPU)RU\TPU\network\3526 |t Journal of Physics: Conference Series | |
| 463 | 0 | |0 (RuTPU)RU\TPU\network\19875 |t Vol. 803 : Information Technologies in Business and Industry (ITBI2016) |o International Conference, 21–26 September 2016, Tomsk, Russian Federation |o [proceedings] |f National Research Tomsk Polytechnic University (TPU) ; eds. N. V. Martyushev ; V. S. Avramchuk ; V. A. Faerman |v [012173, 4 p.] |d 2017 | |
| 610 | 1 | |a электронный ресурс | |
| 610 | 1 | |a труды учёных ТПУ | |
| 610 | 1 | |a Smart grid | |
| 610 | 1 | |a электроэнергия | |
| 610 | 1 | |a энергетика | |
| 610 | 1 | |a электроснабжение | |
| 610 | 1 | |a интеллектуальные энергетические системы | |
| 610 | 1 | |a распределительные сети | |
| 610 | 1 | |a энергоемкость | |
| 610 | 1 | |a энергоэффективность | |
| 700 | 1 | |a Vidyaev |b I. G. |c specialist in the field of management |c associate Professor of Tomsk Polytechnic University, candidate of economic Sciences |f 1981- |g Igor Gennadievich |3 (RuTPU)RU\TPU\pers\33449 | |
| 701 | 1 | |a Ivashutenko |b A. S. |c specialist in the field of electrical engineering |c Associate Professor of the Tomsk Polytechnic University, Candidate of technical sciences |f 1981- |g Alexander Sergeevich |3 (RuTPU)RU\TPU\pers\33076 |9 16908 | |
| 701 | 1 | |a Samburskaya |b M. A |g Maria | |
| 712 | 0 | 2 | |a Национальный исследовательский Томский политехнический университет (ТПУ) |b Институт социально-гуманитарных технологий (ИСГТ) |b Кафедра менеджмента (МЕН) |3 (RuTPU)RU\TPU\col\18855 |
| 712 | 0 | 2 | |a Национальный исследовательский Томский политехнический университет (ТПУ) |b Энергетический институт (ЭНИН) |b Кафедра электроснабжения промышленных предприятий (ЭПП) |3 (RuTPU)RU\TPU\col\18676 |
| 801 | 2 | |a RU |b 63413507 |c 20170428 |g RCR | |
| 856 | 4 | |u http://dx.doi.org/10.1088/1742-6596/803/1/012173 | |
| 856 | 4 | |u http://earchive.tpu.ru/handle/11683/38208 | |
| 942 | |c CF | ||